| 000 | 01479nac a22003371i 4500 | ||
|---|---|---|---|
| 003 | EG-ScBUE | ||
| 005 | 20250601093027.0 | ||
| 008 | 250312s2007 nyuac f b 101 0 eng d | ||
| 020 | _a0735403945 | ||
| 020 | _a9780735403949 | ||
| 040 |
_aEG-ScBUE _beng _erda _cEG-ScBUE _dEG-ScBUE |
||
| 082 | 0 | 4 |
_a530.072 _bINT _222 |
| 111 | 2 |
_aInternational conference on modern trends in physics research _n(2nd : _d2006 : _cCairo, Egypt) |
|
| 245 | 1 | 0 |
_aModern trends in physics research : _bsecond international conference on modern trends in physics research, MTPR-06, Cairo, Egypt, 6-11 April 2006 / _ceditor, Lotfia El Nadi. |
| 246 | 3 | 0 | _aPhysics research |
| 246 | 3 | 0 | _aSecond international conference on modern trends in physics research |
| 246 | 3 | 0 | _aMTPR-06 |
| 264 | 1 |
_aMelville, New York : _bAmerican Institute of Physics, _c2007. |
|
| 300 |
_axxxvii, 412 pages : _billustrations (some color), portraits ; _c28 cm. |
||
| 336 |
_2rdacontent _atext _btxt |
||
| 337 |
_aunmediated _2rdamedia _bn |
||
| 338 |
_avolume _bnc _2rdacarrier |
||
| 490 | 1 |
_aAIP conference proceedings, _x0094-243X ; _vvolume 888 |
|
| 504 | _aIncludes bibliographical references and index. | ||
| 650 | 7 |
_aPhysics _xResearch _vCongresses. _2BUEsh |
|
| 655 | _vReading book | ||
| 700 | 1 |
_aEl Nadi, Lotfia, _eeditor. |
|
| 856 | 4 | 1 | _uhttp://proceedings.aip.org/proceedings/confproceed/748.jsp |
| 856 | 4 | 1 |
_3Publisher description _uhttp://www.loc.gov/catdir/enhancements/fy0663/2005922442-d.html |
| 942 |
_cNB _2ddc |
||
| 999 |
_c6282 _d6282 |
||